Ballon d'Or Winners - Statistics

General Stats
  • This quiz has been taken 506 times
  • The average score is 46 of 67
Answer Stats
Hint Answer % Correct
2017 Cristiano Ronaldo
99%
2016 Cristiano Ronaldo
99%
2014 Cristiano Ronaldo
99%
2013 Cristiano Ronaldo
99%
2008 Cristiano Ronaldo
99%
2023 Lionel Messi
99%
2021 Lionel Messi
99%
2019 Lionel Messi
99%
2015 Lionel Messi
99%
2012 Lionel Messi
99%
2011 Lionel Messi
99%
2010 Lionel Messi
99%
2009 Lionel Messi
99%
2002 Ronaldo
99%
1997 Ronaldo
99%
2022 Karim Benzema
94%
2018 Luka Modric
94%
2005 Ronaldinho
91%
2007 Kaká
88%
1998 Zinedine Zidane
83%
2006 Fabio Cannavaro
79%
1974 Johan Cruyff
73%
1973 Johan Cruyff
73%
1971 Johan Cruyff
73%
2003 Pavel Nedved
73%
1992 Marco van Basten
72%
1989 Marco van Basten
72%
1988 Marco van Basten
72%
1999 Rivaldo
72%
2001 Michael Owen
71%
1959 Alfredo Di Stefano
70%
1957 Alfredo Di Stefano
70%
2004 Andriy Shevchenko
69%
2000 Luis Figo
69%
1985 Michel Platini
69%
1984 Michel Platini
69%
1983 Michel Platini
69%
1976 Franz Beckenbauer
68%
1972 Franz Beckenbauer
68%
1963 Lev Yashin
67%
1987 Ruud Gullit
65%
1995 George Weah
60%
1970 Gerd Muller
59%
1965 Eusebio
58%
1993 Roberto Baggio
58%
1966 Bobby Charlton
55%
1990 Lothar Matthaus
52%
1960 Luis Suarez
52%
1968 George Best
51%
1956 Stanley Matthews
49%
1994 Hristo Stoichkov
48%
1991 Jean-Pierre Papin
48%
1996 Matthias Sammer
48%
1979 Kevin Keegan
45%
1978 Kevin Keegan
45%
1981 Karl-Heinz Rummenigge
43%
1980 Karl-Heinz Rummenigge
43%
1958 Raymond Kopa
43%
1982 Paolo Rossi
40%
1964 Denis Law
37%
1969 Gianni Rivera
32%
1986 Igor Belanov
31%
1967 Florian Albert
29%
1975 Oleg Blokhin
29%
1961 Omar Sivori
29%
1977 Allan Simonsen
28%
1962 Josef Masopust
28%
No matching quizzes found
Score Distribution
Percent of People with Each Score
Percentile by Number Answered
Your Score History
You have not taken this quiz